Cuento de navidad (Registro nro. 32014)

Detalles MARC
000 -ENCABEZADO
Número de control [NR] 00847nam a2200253Ia 4500
008 - DE LONGITUD FIJA DE DATOS DE ELEMENTOS - INFORMACIÓN GENERAL
Elementos de longitud fija [NR] 130821s1970 sp gr spa
040 ## - FUENTE DE CATALOGACION [NR]
Agencia de catalogación original [NR] Co-BoUCM
Idioma de catalogación [NR] spa
041 00 - CODIGO DE IDIOMA [R]
Código de idioma para texto/pista de sonido o título separado [R] Español
100 1# - ASIENTO PRINCIPAL--NOMBRE PERSONAL [NR]
Nombre personal [NR] Dickens, Charles
Fechas asociadas con el nombre [NR] 1812-1870
245 10 - MENCION DE TITULO [NR]
Título [NR] Cuento de navidad
Mención de responsabilidad, etc. [NR] Charles Dickens ; traducción de J. Millás Raurrell.
260 ## - PUBLICACION, DISTRIBUCION, ETC. (PIE DE IMPRENTA) [R]
Lugar de publicación, distribución, etc. [R] Madrid (España)
Nombre del editor, distribuidor, etc. [R] Salvat Editores
Fecha de publicación, distribución, etc. [R] 1970
300 ## - DESCRIPCION FISICA [R]
Extensión [R] 187 páginas
490 0# - MENCION DE SERIE [R]
Mención de serie [R] Biblioteca Básica Salvat
Designación numérica/secuencial del volumen [NR] 43
500 ## - NOTA GENERAL [R]
Nota general [NR] El ejemplar No.3 es Donación UCM-C-ARRAYANES.
500 ## - NOTA GENERAL [R]
Nota general [NR] Incluye índice.
501 ## - NOTA DE “CON” [R]
Nota de “Con” [NR] Con: El grillo del hogar.
650 04 - ASIENTO SECUNDARIO DE MATERIA - TERMINO TEMATICO [R]
Término temático o nombre geográfico como elemento de entrada [NR] Literatura europea
9 (RLIN) 26524
650 04 - ASIENTO SECUNDARIO DE MATERIA - TERMINO TEMATICO [R]
Término temático o nombre geográfico como elemento de entrada [NR] Literatura inglesa
9 (RLIN) 272
650 04 - ASIENTO SECUNDARIO DE MATERIA - TERMINO TEMATICO [R]
Término temático o nombre geográfico como elemento de entrada [NR] Literatura
9 (RLIN) 18599
650 04 - ASIENTO SECUNDARIO DE MATERIA - TERMINO TEMATICO [R]
Término temático o nombre geográfico como elemento de entrada [NR] Novela inglesa
9 (RLIN) 20530
700 1# - ASIENTO SECUNDARIO - NOMBRE PERSONAL [R]
Nombre personal [NR] Millás Raurrell, J.
942 ## - ELEMENTOS DE ENTRADA AGREGADOS (KOHA)
Tipo de ítem principal el descrito en 300a Libro
Tema principal Literatura
Edición 1
Parte restante de la signatura top. D548c
Sistema de clasificación DEWEY
Clasificación 823
Título oculto en OPAC No
Existencias
Fecha de último préstamo Total préstamos Signatura topográfica Código de barras Última vez visto Ejemplar Price effective from Tipo de ítem Nota pública (OPAC) Perdido Sistema de clasificación Dañado No prestable Tipo de ítem específico Suprimido Ubicación habitual Ubicación actual Localización Fecha de creación Forma de adquisición Costo
17/03/2014 1 823 D548c 100118453 11/12/2025 Ej.2 03/02/2013 Libro Spot Literatura general   DEWEY     Libro   Quinta de Mutis Quinta de Mutis Mezanecs 28/02/2011 Donación 26000.00
17/03/2014 1 823 D548c 100118386 11/12/2025 Ej.3 03/02/2013 Libro Spot Literatura general   DEWEY     Libro   Quinta de Mutis Quinta de Mutis Mezanecs 28/02/2012 Donación 26000.00
02/11/2021 4 823 D548c 100056145 11/12/2025 Ej.1 03/02/2013 Libro Spot Literatura general   DEWEY     Libro   Quinta de Mutis Quinta de Mutis Mezanecs 28/02/2003 Donación 10000.00